How many airplane logos do you know ? - Statistics

General Stats
  • This quiz has been taken 1,156 times
  • The average score is 10 of 15
Answer Stats
Picture Answer % Correct
American Airlines
85%
Ryanair
85%
Lufthansa
84%
Emirates
82%
Delta
81%
British Airways
78%
Air France
68%
Turkish Airlines
67%
Qatar Airways
64%
Singapore Airlines
63%
Aer Lingus
61%
Wizz Air
56%
Tap Portugal
38%
Pakistan International Airlines
26%
Gol
24%
No matching quizzes found
Score Distribution
Percent of People with Each Score
Percentile by Number Answered
Your Score History
You have not taken this quiz